Statistics for How Many Nintendo Video Games Can You Name?

Click here to take the quiz!

General Stats

  • This quiz has been taken 332 times
    (274 since last reset)
  • The average score is 109 of 407

Answer Stats

Game ConsoleSeriesYear ReleasedAnswer% Correct
Nintendo GameCubeAnimal Crossing2002Animal Crossing
84%
ArcadeDonkey Kong1981Donkey Kong
77%
Nintendo Entertainment SystemSuper Mario Bros.1985Super Mario Bros.
76%
Nintendo Entertainment SystemThe Legend of Zelda1987The Legend of Zelda
71%
Super Nintendo Entertainment SystemDonkey Kong Country1994Donkey Kong Country
67%
Wii UMario Kart2014Mario Kart 8
66%
Nintendo Entertainment SystemMetroid1987Metroid
66%
Game BoyPokémon1998Pokémon Blue
66%
Game BoyPokémon1998Pokémon Red
66%
Nintendo 3DSAnimal Crossing2012Animal Crossing: New Leaf
65%
Game BoyDr. Mario1990Dr. Mario
65%
Nintendo 64Mario Party1998Mario Party
65%
Nintendo Entertainment SystemSuper Mario Bros.1988Super Mario Bros. 2
65%
Nintendo DSNew Super Mario Bros.2006New Super Mario Bros.
63%
Nintendo Entertainment SystemSuper Mario Bros.1988Super Mario Bros. 3
63%
Nintendo 64Mario Party1999Mario Party 2
62%
Nintendo 64Mario Party2000Mario Party 3
62%
Nintendo GameCubeMario Party2002Mario Party 4
62%
Nintendo GameCubeMario Party2003Mario Party 5
62%
Nintendo GameCubeMario Party2004Mario Party 6
62%
Nintendo GameCubeMario Party2005Mario Party 7
62%
WiiMario Party2007Mario Party 8
62%
WiiMario Party2012Mario Party 9
62%
Nintendo 3DSPokémon2013Pokémon Y
62%
WiiSuper Mario Galaxy2007Super Mario Galaxy
62%
Nintendo SwitchARMS2017ARMS
60%
Wii UMario Party2015Mario Party 10
60%
GameCubeMetroid Prime2002Metroid Prime
60%
Nintendo 64Paper Mario2000Paper Mario
60%
Nintendo 3DSPokémon2013Pokémon X
60%
Nintendo 64Super Mario Bros.1996Super Mario 64
60%
Super Nintendo Entertainment SystemF-Zero1990F-Zero
59%
Nintendo 3DSMario Kart2012Mario Kart 7
59%
Nintendo GameCubePikmin2001Pikmin
59%
Game Boy ColorPokémon1999Pokémon Gold
58%
Super Nintendo Entertainment SystemSuper Mario Kart1992Super Mario Kart
58%
Nintendo GameCubeLuigi's Mansion2001Luigi's Mansion
57%
WiiMario Kart2008Mario Kart Wii
57%
Nintendo 64Pokémon Snap1999Pokémon Snap
57%
WiiSuper Mario Galaxy2010Super Mario Galaxy 2
57%
Nintendo GameCubeSuper Mario Bros.2002Super Mario Sunshine
57%
Nintendo 64Super Smash Bros.1999Super Smash Bros.
56%
Nintendo Entertainment SystemMother1989Mother
55%
Game Boy ColorPokémon1999Pokémon Silver
55%
Game BoyYoshi1991Yoshi
55%
Nintendo Entertainment SystemDuck Hunt1984Duck Hunt
54%
Nintendo Entertainment SystemKid Icarus1986Kid Icarus
54%
Nintendo 64Mario Kart1996Mario Kart 64
54%
Nintendo SwitchMario Kart2017Mario Kart 8 Deluxe
54%
Nintendo 64Mario Tennis2000Mario Tennis
54%
Wii UPikmin2013Pikmin 3
54%
Nintendo SwitchPokémon2019Pokémon Sword
54%
Super Nintendo Entertainment SystemYoshi's Island1995Super Mario World 2: Yoshi's Island
54%
Nintendo SwitchThe Legend of Zelda2017The Legend of Zelda: Breath of the Wild
54%
Nintendo 64The Legend of Zelda1998The Legend of Zelda: Ocarina of Time
54%
ArcadeMario Bros.1983Mario Bros.
53%
Nintendo GameCubeMario Kart2003Mario Kart: Double Dash!!
53%
Game Boy AdvancePokémon2003Pokémon Ruby
53%
Nintendo 3DSPokémon2016Pokémon Sun
53%
Super Nintendo Entertainment SystemStar Fox1993Star Fox
53%
Super Nintendo Entertainment SystemSuper Mario Bros.1990Super Mario World
53%
Nintendo GameCubeChibi-Robo!2005Chibi-Robo!
52%
Wii UHyrule Warriors2014Hyrule Warriors
52%
Nintendo GameCubePikmin2004Pikmin 2
52%
Nintendo DSPokémon2010Pokémon Black
52%
Nintendo SwitchPokémon2019Pokémon Shield
52%
Game BoyKirby's Dream Land1992Kirby's Dream Land
51%
Nintendo 3DSPokémon2016Pokémon Moon
51%
Nintendo DSPokémon2010Pokémon White
51%
Game BoySuper Mario Land1989Super Mario Land
51%
Game BoyWario Land1994Wario Land
51%
Game Boy AdvanceAdvance Wars2001Advance Wars
50%
Super Nintendo Entertainment SystemDonkey Kong Country1995Donkey Kong Country 2: Diddy's Kong Quest
50%
Nintendo DSMario Kart2005Mario Kart DS
50%
Game BoyPokémon1999Pokémon Yellow
50%
WiiPunch-Out!2009Punch-Out!
50%
Nintendo DSBig Brain Academy2005Big Brain Academy
49%
Nintendo SwitchLuigi's Mansion2019Luigi's Mansion 3
49%
Nintendo 3DSNew Super Mario Bros.2012New Super Mario Bros. 2
49%
Nintendo SwitchSuper Mario Bros.2017Super Mario Odyssey
49%
Nintendo 64The Legend of Zelda2000The Legend of Zelda: Majora's Mask
49%
WiiWii Sports2006Wii Sports
49%
Nintendo 64Mario Golf1999Mario Golf
48%
Nintendo DSPokémon2006Pokémon Diamond
48%
Game Boy AdvancePokémon2003Pokémon Sapphire
48%
Wii USplatoon2015Splatoon
48%
Nintendo SwitchSplatoon2017Splatoon 2
48%
Nintendo SwitchSuper Smash Bros.2018Super Smash Bros. Ultimate
48%
Nintendo GameCubeThe Legend of Zelda2006The Legend of Zelda: Twilight Princess
48%
Nintendo Entertainment SystemIce Climbers1985Ice Climbers
47%
WiiNew Super Mario Bros.2009New Super Mario Bros. Wii
47%
Super Nintendo Entertainment SystemDonkey Kong Country1996Donkey Kong Country 3: Dixie Kong's Double Trouble
46%
WiiSuper Smash Bros.2008Super Smash Bros. Brawl
46%
Wii UDonkey Kong Country2014Donkey Kong Country: Tropical Freeze
45%
Game Boy AdvancePokémon2004Pokémon Emerald
45%
Super Nintendo Entertainment SystemMetroid1994Super Metroid
45%
Nintendo GameCubeSuper Smash Bros.2001Super Smash Bros. Melee
45%
WiiWii Fit2007Wii Fit
45%
Wii UNew Super Mario Bros.2012New Super Mario Bros. U
44%
Nintendo DSPokémon2006Pokémon Pearl
44%
Nintendo SwitchMario Party2018Super Mario Party
44%
Nintendo 64Donkey Kong1999Donkey Kong 64
43%
Nintendo GameCubeDonkey Konga2003Donkey Konga
43%
Super Nintendo Entertainment SystemMother1995EarthBound
43%
Game Boy AdvanceMario vs Donkey Kong2004Mario vs Donkey Kong
43%
Wii USuper Mario Bros.2013Super Mario 3D World
43%
Super Nintendo Entertainment SystemThe Legend of Zelda1992The Legend of Zelda: A Link to the Past
43%
Nintendo SwitchThe Legend of Zelda2019The Legend of Zelda: Link's Awakening
43%
Game BoyThe Legend of Zelda1993The Legend of Zelda: Link's Awakening
43%
WiiThe Legend of Zelda2011The Legend of Zelda: Skyward Sword
43%
Super Nintendo Entertainment SystemKirby Super Star1996Kirby Super Star
42%
Nintendo 64Pokémon Stadium1999Pokémon Stadium
41%
Nintendo 64Star Fox1997Star Fox 64
41%
Nintendo 3DSSuper Mario Bros.2011Super Mario 3D Land
41%
Game BoySuper Mario Land1992Super Mario Land 2: 6 Golden Coins
41%
WiiXenoblade Chronicles2012Xenoblade Chronicles
41%
Wii UCaptain Toad2014Captain Toad: Treasure Tracker
40%
WiiDonkey Kong Country2010Donkey Kong Country Returns
40%
Game Boy AdvanceGolden Sun2001Golden Sun
38%
Nintendo 64Mother2006Mother 3
38%
WiiPaper Mario2007Super Paper Mario
38%
Nintendo GameCubeThe Legend of Zelda2003The Legend of Zelda: The Wind Waker
38%
WiiWii Sports2009Wii Sports Resort
38%
WiiAnimal Crossing2008Animal Crossing: City Folk
37%
ArcadeDonkey Kong1982Donkey Kong Jr.
37%
Game BoyDonkey Kong Land1995Donkey Kong Land
37%
WindowsMario is Missing!1993Mario is Missing!
37%
Nintendo DSPokémon2012Pokémon Black 2
37%
Nintendo 3DSPokémon2017Pokémon Ultra Moon
37%
Nintendo 3DSPokémon2017Pokémon Ultra Sun
37%
Nintendo DSPokémon2012Pokémon White 2
37%
Nintendo DSAnimal Crossing2005Animal Crossing: Wild World
36%
Game Boy ColorWario Land1998Wario Land 2
36%
Nintendo SwitchFire Emblem2019Fire Emblem: Three Houses
35%
Nintendo GameCubePaper Mario2004Paper Mario: The Thousand-Year Door
35%
Game Boy AdvancePokémon2004Pokémon FireRed
35%
Super Nintendo Entertainment SystemSuper Mario RPG1996Super Mario RPG: Legend of the Seven Stars
35%
Wii UAnimal Crossing2015Animal Crossing: Amiibo Festival
34%
Nintendo DSMario & Luigi2009Mario & Luigi: Bowser's Inside Story
34%
Wii UNintendo Land2012Nintendo Land
34%
Nintendo DSRhythm Heaven2009Rhythm Heaven
34%
Game Boy ColorWario Land2000Wario Land 3
34%
Nintendo DSPokémon2009Pokémon HeartGold
33%
Game Boy AdvancePokémon2004Pokémon LeafGreen
33%
Nintendo DSPokémon2009Pokémon SoulSilver
33%
Nintendo SwitchXenoblade Chronicles2017Xenoblade Chronicles 2
33%
Nintendo 3DSLuigi's Mansion2013Luigi's Mansion: Dark Moon
32%
Game Boy AdvanceMario Kart2001Mario Kart: Super Circuit
32%
Nintendo DSMario Party2007Mario Party DS
32%
WiiMario & Sonic at the Olympic Games2007Mario & Sonic at the Olympic Games
32%
Game Boy ColorPokémon2000Pokémon Crystal
31%
Nintendo 64Pokémon Stadium2000Pokémon Stadium 2
31%
Nintendo 3DSKid Icarus2012Kid Icarus Uprising
30%
Wii UNES Remix2013NES Remix
30%
Nintendo DSPokémon Ranger2006Pokémon Ranger
30%
WiiPokémon Rumble2009Pokémon Rumble
30%
Wii UPokkén Tournament2016Pokkén Tournament
30%
Game Boy AdvanceWario Land2001Wario Land 4
30%
Nintendo 3DSAnimal Crossing2015Animal Crossing: Happy Home Designer
29%
ArcadeDonkey Kong1983Donkey Kong 3
29%
Nintendo GameCubeDonkey Konga2004Donkey Konga 2
29%
Game BoyDonkey Kong Land1996Donkey Kong Land 2
29%
Nintendo Entertainment SystemKirby1993Kirby's Adventure
29%
Game BoyKirby's Dream Land1995Kirby's Dream Land 2
29%
MS-DOSMario Teaches Typing1991Mario Teaches Typing
29%
Nintendo SwitchSuper Mario Bros.2019New Super Mario Bros. U Deluxe
29%
Nintendo 3DSPokémon2014Pokémon Alpha Sapphire
29%
Nintendo 3DSPokémon2014Pokémon Omega Ruby
29%
Nintendo DSPokémon2008Pokémon Platinum
29%
Game Boy AdvanceSuper Mario Advance2001Super Mario Advance
29%
Wii UYoshi's Island2015Yoshi's Woolly World
29%
Nintendo Entertainment SystemThe Legend of Zelda1988Zelda II:The Adventures of Link
29%
Game BoyDonkey Kong Land1997Donkey Kong Land 3
28%
Super Nintendo Entertainment SystemKirby's Dream Land1997Kirby's Dream Land 3
28%
Nintendo DSMario & Luigi2005Mario & Luigi: Partners in Time
28%
Wii UPaper Mario2016Paper Mario: Color Splash
28%
Nintendo SwitchPokémon2018Pokémon Let's Go Eevee
28%
Nintendo SwitchPokémon2018Pokémon Let's Go Pikachu
28%
Nintendo DSSuper Princess Peach2005Super Princess Peach
28%
Wii USuper Smash Bros.2014Super Smash Bros. for Wii U
28%
Nintendo GameCubeDonkey Konga2005Donkey Konga 3
27%
Nintendo SwitchPokémon Snap2021New Pokémon Snap
27%
Super Nintendo Entertainment System ClassicStar Fox2017Star Fox 2
27%
Wii USuper Mario Bros.2015Super Mario Maker
27%
Super Nintendo Entertainment SystemPunch-Out!1994Super Punch-Out!
27%
Nintendo 3DSThe Legend of Zelda2013The Legend of Zelda: A Link Between Worlds
27%
Nintendo GameCubeDonkey Kong2004Donkey Kong Jungle Beat
26%
Nintendo 3DSPaper Mario2012Paper Mario: Sticker Star
26%
Nintendo DSThe Legend of Zelda2009The Legend of Zelda: Spirit Tracks
26%
Nintendo 64Yoshi1997Yoshi's Story
26%
Nintendo 64F-Zero1998F-Zero X
25%
Nintendo SwitchKirby2018Kirby Star Allies
25%
Wii UNES Remix2014NES Remix 2
25%
Nintendo SwitchPikmin2020Pikmin 3 Deluxe
25%
Nintendo DSThe Legend of Zelda2007The Legend of Zelda: Phantom Hourglass
25%
Nintendo SwitchHyrule Warriors2020Hyrule Warriors: Age of Calamity
24%
WiiKirby2010Kirby's Epic Yarn
24%
WiiKirby's Dream Land2011Kirby's Return to Dream Land
24%
Game Boy AdvanceMario & Luigi2003Mario & Luigi: Superstar Saga
24%
Nintendo GameCubeMario Strikers2005Super Mario Strikers
24%
Game Boy ColorThe Legend of Zelda2001The Legend of Zelda: Oracle of Ages
24%
Game Boy ColorThe Legend of Zelda2001The Legend of Zelda: Oracle of Seasons
24%
Game Boy AdvanceThe Legend of Zelda2005The Legend of Zelda: The Minish Cap
24%
Nintendo GameCubeWario2003Wario World
24%
Nintendo SwitchYoshi's Island2019Yoshi's Crafted World
24%
Nintendo 3DSChibi-Robo!2015Chibi-Robo! Zip Lash
23%
Nintendo GameCubeF-Zero2003F-Zero GX
23%
Nintendo SwitchMario Tennis2018Mario Tennis Aces
23%
Nintendo SwitchPaper Mario2020Paper Mario: The Origami King
23%
Nintendo SwitchRing Fit2019Ring Fit Adventure
23%
Nintendo GameCubeStar Fox2002Star Fox Adventures
23%
Game Boy AdvanceSuper Mario Advance2001Super Mario Advance 2
23%
Nintendo 3DSPikmin2017Hey! Pikmin
22%
WiiThe Legend of Zelda2007Link's Crossbow Training
22%
Nintendo Entertainment SystemPunch Out!!!1987Mike Tyson's Punch Out!!!
22%
Game Boy AdvanceSuper Mario Advance2002Super Mario Advance 3
22%
Game Boy AdvanceSuper Mario Advance2003Super Mario Advance 4
22%
Nintendo SwitchTetris2019Tetris 99
22%
Super Nintendo Entertainment SystemWario1994Wario's Woods
22%
Nintendo 64Donkey Kong1997Diddy Kong Racing
21%
Nintendo 3DSFire Emblem2012Fire Emblem Awakening
21%
WiiFire Emblem2007Fire Emblem: Radiant Dawn
21%
Game Boy AdvanceMario Party2005Mario Party Advance
21%
GameCubePokémon2003Pokémon Colosseum
21%
Super Nintendo Entertainment SystemSuper Mario Bros.1993Super Mario All-Stars
21%
Nintendo 3DSFire Emblem2015Fire Emblem Fates
20%
Nintendo GameCubeKirby2003Kirby Air Ride
20%
Game Boy AdvanceMetroid2002Metroid Fusion
20%
WiiMetroid2010Metroid: Other M
20%
Wii UNew Super Mario Bros.2013New Super Luigi U
20%
Wii UStar Fox2016Star Fox Zero
20%
Nintendo Entertainment SystemSuper Mario Bros.1986Super Mario Bros. The Lost Levels
20%
Wii UXenoblade Chronicles2015Xenoblade Chronicles X
20%
Super Nintendo Entertainment SystemYoshi1992Yoshi's Cookie
20%
Nintendo 3DSKirby2016Kirby: Planet Robobot
19%
Nintendo 3DSMario & Luigi2013Mario & Luigi: Dream Team
19%
Wii UWii Fit2013Wii Fit U
19%
Nintendo 64Dr. Mario2001Dr. Mario 64
18%
Nintendo GameCubeMario Golf2003Mario Golf: Toadstool Tour
18%
Nintendo 3DSMario Party2017Mario Party: The Top 100
18%
WiiWii Fit2009Wii Fit Plus
18%
Nintendo SwitchMario + Rabbids2017Mario + Rabbids Kingdom Battle
17%
Nintendo DSSuper Mario Bros.2004Super Mario 64 DS
17%
Nintendo GameCubeFire Emblem2005Fire Emblem: Path of Radiance
16%
Nintendo 3DSMario & Luigi2015Mario & Luigi: Paper Jam
16%
Nintendo 3DSMario Party2013Mario Party: Island Tour
16%
WindowsMario Teaches Typing1997Mario Teaches Typing 2
16%
WiiMetroid Prime2007Metroid Prime 3: Corruption
16%
Game Boy AdvanceMetroid2004Metroid: Zero Mission
16%
Wii UThe Legend of Zelda2013The Legend of Zelda: The Wind Waker HD
16%
Nintendo 3DSThe Legend of Zelda2015The Legend of Zelda: Tri Force Heroes
16%
WiiWarioWare2006WarioWare: Smooth Moves
16%
WiiDonkey Kong2007Donkey Kong Barrel Blast
15%
Wii UDr. Mario2013Dr. Luigi
15%
Wii UWario2013Game & Wario
15%
Nintendo 64Kirby2000Kirby 64: The Crystal Shards
15%
Nintendo 3DSKirby2014Kirby Triple Deluxe
15%
Nintendo DSMario Hoops2006Mario Hoops 3 on 3
15%
Nintendo DSPokémon Mystery Dungeon2005Pokémon Mystery Dungeon: Red Rescue Team
15%
Nintendo SwitchSuper Mario Bros.2020Super Mario 3D All-Stars
15%
Nintendo GameCubeThe Legend of Zelda2004The Legend of Zelda: Four Swords Adventures
15%
WiiWario Land2008Wario Land: Shake It!
15%
Nintendo DSKirby2006Kirby: Squeak Squad
14%
WiiMario Sports2010Mario Sports Mix
14%
Nintendo 3DSMetroid2017Metroid: Samus Returns
14%
Nintendo 3DSSuper Smash Bros.2014Super Smash Bros. for Nintendo 3DS
14%
Nintendo SwitchFire Emblem2017Fire Emblem Warriors
13%
Game Boy AdvanceKirby2002Kirby: Nightmare in Dream Land
13%
Game Boy AdvanceKirby2004Kirby & the Amazing Mirror
13%
Wii UMario Tennis2015Mario Tennis: Ultra Smash
13%
Nintendo SwitchPac-Man2021Pac-Man 99
13%
Nintendo DSPokémon Mystery Dungeon2005Pokémon Mystery Dungeon: Blue Rescue Team
13%
Nintendo GameCubeStar Fox2005Star Fox: Assault
13%
Nintendo 3DSYoshi's Island2014Yoshi's New Island
13%
Nintendo DSFire Emblem2009Fire Emblem: Shadow Dragon
12%
Nintendo DSKirby2005Kirby: Canvas Curse
12%
Nintendo SwitchPokkén Tournament2017Pokkén Tournament DX
12%
Nintendo 3DSThe Legend of Zelda2015The Legend of Zelda: Majora's Mask 3D
12%
Nintendo 3DSThe Legend of Zelda2011The Legend of Zelda: Ocarina of Time 3D
12%
Wii UThe Legend of Zelda2016The Legend of Zelda: Twilight Princess HD
12%
Nintendo 3DSWarioWare2018WarioWare Gold
12%
Game Boy AdvanceWarioWare2004WarioWare: Twisted!
12%
Nintendo DSKirby Super Star2008Kirby Super Star Ultra
11%
WiiMario Strikers2007Mario Strikers Charged
11%
GameCubeMetroid Prime2004Metroid Prime 2: Echos
11%
Game Boy AdvanceFire Emblem2002Fire Emblem: The Binding Blade
10%
Nintendo GameCubeMario Tennis2004Mario Power Tennis
10%
Nintendo Entertainment SystemMario's Time Line1993Mario's Time Machine
10%
Game BoyMetroid1991Metroid 2: Return of Samus
10%
Nintendo DSPokémon Mystery Dungeon2009Pokémon Mystery Dungeon: Explorers of Sky
10%
WiiRhythm Heaven2012Rhythm Heaven Fever
10%
Game Boy ColorSuper Mario Bros.1999Super Mario Bros. Deluxe
10%
Nintendo DSWario2007Wario: Master of Disguise
10%
Nintendo DSWarioWare2004WarioWare: Touched!
10%
Nintendo DSChibi-Robo!2007Chibi-Robo!: Park Patrol
9%
Nintendo Entertainment SystemDonkey Kong1983Donkey Kong Jr. Math
9%
Game Boy AdvanceFire Emblem2005Fire Emblem: The Sacred Stones
9%
Wii UKirby2015Kirby and the Rainbow Curse
9%
Nintendo 3DSMario & Luigi2017Mario & Luigi: Superstar Saga + Bowser's Minions
9%
Nintendo 3DSMario Party2016Mario Party: Star Rush
9%
Nintendo 3DSMario Tennis2012Mario Tennis Open
9%
Nintendo 3DSMetroid Prime2016Metroid Prime: Federation Force
9%
Nintendo DSMetroid Prime2006Metroid Prime Hunters
9%
Nintendo DSPokémon Mystery Dungeon2007Pokémon Mystery Dungeon: Explorers of Time
9%
GameCubePokémon2005Pokémon XD: Gale of Darkness
9%
Nintendo SwitchSuper Mario Bros.2020Super Mario Bros. 35
9%
Nintendo DSWarioWare2009WarioWare: DIY
9%
Nintendo DSYoshi's Island2006Yoshi's Island DS
9%
Nintendo 3DSPokemon2016Detective Pikachu
8%
Game Boy AdvanceFire Emblem2003Fire Emblem: The Blazing Blade
8%
Super Nintendo Entertainment SystemFire Emblem1999Fire Emblem: Thracia 776
8%
Nintendo DSPokémon Mystery Dungeon2007Pokémon Mystery Dungeon: Explorers of Darkness
8%
Game Boy ColorPokémon1999Pokémon Pinball
8%
Nintendo DSPokémon Ranger2008Pokémon Ranger: Shadows of Almia
8%
Nintendo SwitchXenoblade Chronicles2020Xenoblade Chronicles: Definitive Edition
8%
Nintendo 3DSChibi-Robo!2014Chibi-Robo! Photo Finder
7%
Game Boy AdvanceDonkey Kong2005Donkey Kong: King of Swing
7%
Nintendo Entertainment SystemFire Emblem1992Fire Emblem Gaiden
7%
Super Nintendo Entertainment SystemFire Emblem1996Fire Emblem: Genealogy of the Holy War
7%
Nintendo Entertainment SystemFire Emblem1990Fire Emblem: Shadow Dragon and the Blade of Light
7%
Game BoyGame and Watch1997Game & Watch Gallery
7%
Game BoyGame and Watch1997Game & Watch Gallery 2
7%
Game Boy ColorGame and Watch1999Game & Watch Gallery 3
7%
Game Boy AdvanceGame and Watch2002Game & Watch Gallery 4
7%
Nintendo 3DSMario & Luigi2018Mario & Luigi: Bowser's Inside Story + Bowser Jr.'s Journey
7%
Game Boy AdvanceMario Pinball2004Mario Pinball Land
7%
WiiMario & Sonic Olympic at the Games2011Mario & Sonic at the London 2012 Olympic Games
7%
WiiMario & Sonic at the Olympic Games2009Mario & Sonic at the Olympic Winter Games
7%
WiiMetroid Prime2009Metroid Prime: Trilogy
7%
Nintendo DSPokémon2012Pokémon Conquest
7%
Wii UPokémon Rumble2013Pokémon Rumble U
7%
Nintendo 3DSRhythm Heaven2016Rhythm Heaven Megamix
7%
Game Boy AdvanceWarioWare2003WarioWare Inc.: Mega Microgame$!
7%
Nintendo DSAdvance Wars2005Advance Wars: Dual Strike
6%
Nintendo DSIMario vs Donkey Kong2009Mario vs Donkey Kong: Minis March Again!
6%
Nintendo DSMetroid Prime2005Metroid Prime Pinball
6%
WiiPokémon2006Pokémon Battle Revolution
6%
Nintendo 3DSPokémon Mystery Dungeon2015Pokémon Super Mystery Dungeon
6%
Wii UTokyo Mirage Sessions2015Tokyo Mirage Sessions #FE
6%
Nintendo 3DSDr. Mario2015Dr. Mario: Miracle Cure
5%
Nintendo 3DSFire Emblem2017Fire Emblem Echoes: Shadows of Valentia
5%
Super Nintendo Entertainment SystemFire Emblem1994Fire Emblem: Mystery of the Emblem
5%
Nintendo DSGolden Sun2010Golden Sun: Dark Dawn
5%
Game BoyKid Icarus1991Kid Icarus: Of Myths and Monsters
5%
Nintendo 3DSMario Sports2014Mario Golf: World Tour
5%
Nintendo GameCubeMario Baseball2005Mario Superstar Baseball
5%
Nintendo DSMario vs Donkey Kong2006Mario vs Donkey Kong 2: March of the Minis
5%
Wii UMario vs Donkey Kong2015Mario vs Donkey Kong: Tipping Stars
5%
Nintendo DSIWarioWare2008WarioWare: Snapped!
5%
Wii UWii Sports2013Wii Sports Club
5%
Super Nintendo Entertainment SystemYoshi1993Yoshi's Safari
5%
Game Boy AdvanceAdvance Wars2003Advance Wars 2: Black Hole Rising
4%
Nintendo DSDonkey Kong2007Diddy Kong Racing DS
4%
Nintendo DSFire Emblem2010Fire Emblem: New Mystery of the Emblem
4%
Game Boy AdvanceGolden Sun2002Golden Sun: The Lost Age
4%
Nintendo SwitchMario & Sonic2020Mario & Sonic at the Olympic Games Tokyo 2020
4%
Super Nintendo Entertainment SystemWario1993Mario and Wario
4%
Wii UMario & Sonic at the Olympic Games2016Mario & Sonic at the Rio 2016 Olympic Games
4%
Game BoySuper Mario Bros.1995Mario's Picross
4%
Nintendo 3DSMario Sports2017Mario Sports Superstar
4%
Nintendo DSMario vs Donkey Kong2010Mario vs Donkey Kong: Mini-Land Mayhem!
4%
Nintendo 3DSPokémon Mystery Dungeon2012Pokémon Mystery Dungeon: Gates to Infinity
4%
Nintendo SwitchPokémon Mystery Dungeon2020Pokémon Mystery Dungeon: Rescue Team DX
4%
Nintendo DSPokémon Ranger2010Pokémon Ranger: Guardian Signs
4%
Nintendo 3DSPokémon Rumble2011Pokémon Rumble Blast
4%
Nintendo DSStar Fox2006Star Fox Command
4%
Game Boy AdvanceThe Legend of Zelda2002The Legend of Zelda: A Link to the Past & Four Swords
4%
Nintendo DSTingle2006Tingle's Rosy Rupeeland
4%
Nintendo DSYoshi2005Yoshi Touch & Go
4%
Game Boy ColorKirby2001Kirby Tilt n Tumble
3%
Super Nintendo Entertainment SystemSuper Mario Bros.1995Mario's Super Picross
3%
Virtual BoySuper Mario Sports1995Mario's Tennis
3%
Nintendo SwitchPokémon2018Pokémon Quest
3%
Nintendo 3DSPokémon Rumble2015Pokémon Rumble World
3%
Nintendo 3DSSuper Mario Bros.2016Super Mario Maker for Nintendo 3DS
3%
Nintendo DSAdvance Wars2008Advance Wars: Days of Ruins
2%
WiiBig Brain Academy2007Big Brain Academy Wii Degree
2%
Nintendo GameCubeSuper Mario Bros.2005Dance Dance Revolution: Mario Mix
2%
Game and WatchDonkey Kong1984Donkey Kong Circus
2%
Nintendo DSIDr. Mario2008Dr. Mario Express
2%
Game Boy AdvanceF-Zero2003F-Zero: GP Legend
2%
Game and WatchMario Bros.1983Mario's Bombs Away
2%
Game and WatchMario Bros.1983Mario's Cement Factory
2%
Wii UMario & Sonic at the Olympic Games2013Mario & Sonic at the Sochi 2014 Olympic Winter Games
2%
Game Boy AdvanceMario Tennis2005Mario Tennis: Power Tour
2%
Wii UNES Remix2014NES Remix Pack
2%
WiiPokéPark2011PokéPark 2: Wonders Beyond
2%
WiiPokéPark2009PokéPark: Pikachu's Adventure
2%
Nintendo 3DSYoshi's Island2017Poochy & Yoshi's Woolly World
2%
Super Nintendo Entertainment SystemDr. Mario1994Tetris and Dr. Mario
2%
Nintendo SwitchTokyo Mirage Sessions2020Tokyo Mirage Sessions #FE Encore
2%
Nintendo 3DSNES Remix2014Ultimate NES Remix
2%
ArcadeDonkey Kong2005Donkey Kong: Jungle Fever
1%
Nintendo DSKirby2011Kirby Mass Atack
1%
Nintendo 64Mario Artist1999Mario Artist: Paint Studio
1%
Nintendo 64Mario Artist2000Mario Artist: Talent Studio
1%
Wii UMario vs Donkey Kong2016Mini Mario & Friends: Amiibo Challenge
1%
ArcadeSuper Mario Bros.2011New Super Mario Bros. Wii Coin World
1%
Nintendo GameCubeNintendo Puzzle2003Nintendo Puzzle Collection
1%
Nintendo DSTingle2007Tingle's Balloon Fight
1%
Game BoyWario1994Wario Blast Featuring Bomberman!
1%
Nintendo Entertainment SystemMario Bros.1985Wrecking Ball
1%
Game Boy ColorDonkey Kong2000Donkey Kong: Diddy Kong and Dixie Kong
0%
WiiMario Sluggers2008Maro Super Sluggers
0%
Game Boy AdvancePokémon2003Pokémon Pinball: Ruby & Saphire
0%
Nintendo 3DSSuper Mario Bros.2015Puzzles & Dragons: Super Mario Bros. Edition
0%
WiiSuper Mario Bros.2010Super Mario All-Stars Limited Edition
0%

Score Distribution

Percentile by Number Answered

Percent of People with Each Score

Your Score History

You have not taken this quiz since the last reset